| 000 | 01733nam0a2200361 i 4500 | ||
|---|---|---|---|
| 001 | RU\NLR\bibl\1949749 | ||
| 005 | 20260406011512.0 | ||
| 010 |
_a9785914801349 _9100 |
||
| 021 |
_aRU _b2012-66380 _94865 |
||
| 035 | _a(NLR Aleph) 001938908 | ||
| 090 |
_a3538261 _c3538261 |
||
| 100 | _a20120928d2012 k y0rusy50 ca | ||
| 101 | 0 | _arus | |
| 102 | _aRU | ||
| 105 | _ay ||||||||| | ||
| 200 | 1 |
_aПедагогические идеи и воззрения адыгских просветителей (вторая половина 18 - первая половина 19 века) _fЗ.И. Валиева, Б.Н. Османова _gФГБОУ ВПО "Сев.-Осет. гос. ун-т им. К.Л. Хетагурова" |
|
| 210 |
_aВладикавказ _cИПК "Литера" _d2012 |
||
| 215 |
_a176 с. _d21 |
||
| 300 | _aНа 4-й с. обл. авт.: Османова Б.Н., к.п.н., доц., Валиева Зема Ираклиевна (Ильинична), к.п.н., доц. | ||
| 320 | _aБиблиогр.: с. 164-176 (149 назв.) | ||
| 600 | 1 |
_aНогмов _bШ.Б. _f1801 - 1844 _gШора Бекмурзович _91243636 _3RU\NLR\auth\66508394 |
|
| 606 | 1 |
_aПедагогика _xИстория _yАдыгея _91842036 _3RU\NLR\auth\66833939 |
|
| 686 | _aЧ33(2Р-4Кр) | ||
| 686 | _aЧ33(2Р-4Кр)47-8Ногмов | ||
| 686 | _aШ5(2=К)-4Ногмов | ||
| 700 | 1 |
_4070 _8rus _7ca _aВалиева _bЗ. И. _gЗема Ираклиевна _3RU\NLR\auth\77116984 _999909 |
|
| 701 | 1 |
_aОсманова _bБ. Н. _gБэла Назировна _4070 |
|
| 801 | 0 |
_aRU _bNLR _c20120928 _gRCR |
|
| 801 | 1 |
_aRU _bNLR _c20120928 |
|
| 830 | _aАвт. по кн. | ||
| 942 | _cBOOK | ||
| 980 | _aNBR | ||